MARC details
| 000 -CABECERA |
| campo de control de longitud fija |
01040nam a2200277 u 4500 |
| 005 - FECHA Y HORA DE LA ÚLTIMA TRANSACCIÓN |
| campo de control |
20250920063929.0 |
| 008 - ELEMENTOS DE LONGITUD FIJA--INFORMACIÓN GENERAL |
| campo de control de longitud fija |
191105s1983 mx ao r 000 0 spa d |
| 020 ## - NÚMERO INTERNACIONAL NORMALIZADO PARA LIBROS |
| Número Internacional Estándar del Libro |
9685804176 |
| 035 ## - NÚMERO DE CONTROL DEL SISTEMA |
| Número de control de sistema |
UPN01000233875 |
| 040 ## - FUENTE DE LA CATALOGACIÓN |
| Centro catalogador/agencia de origen |
MX-MxUPN |
| Lengua de catalogación |
spa |
| Centro/agencia transcriptor |
MX-MxUPN |
| 050 ## - SIGNATURA TOPOGRÁFICA DE LA BIBLIOTECA DEL CONGRESO |
| Número de clasificación |
F1219.3 R38 |
| Número de documento/Ítem |
H49 1983 |
| 100 1# - ASIENTO PRINCIPAL--NOMBRE PERSONAL |
| Nombre de persona |
Heyden, Doris, |
| Fechas asociadas al nombre |
1905-2005 |
| 9 (RLIN) |
45834 |
| 245 10 - MENCIÓN DE TÍTULO |
| Título |
Mitología y simbolismo de la flora en el México prehispánico |
| 250 ## - MENCIÓN DE EDICIÓN |
| Mención de edición |
Primera edición |
| 260 ## - PUBLICACIÓN, DISTRIBUCIÓN, ETC. |
| Lugar de publicación, distribución, etc. |
México : |
| Nombre del editor, distribuidor, etc. |
Universidad Nacional Autónoma de México, Instituto de Investigaciones Antropológicas, |
| Fecha de publicación, distribución, etc. |
1983. |
| 300 ## - DESCRIPCIÓN FÍSICA |
| Extensión |
176 páginas : |
| Otras características físicas |
ilustraciones, fotografías a color y en blanco y negro |
| 490 ## - MENCIÓN DE SERIE |
| Mención de serie |
Serie antropológica. Etnohistoria ; |
| Designación de volumen o secuencia |
44 |
| 650 #4 - ASIENTO SECUNDARIO DE MATERIA - TERMINO TEMATICO |
| Término de materia o nombre geográfico como elemento de entrada |
Mitología indígena |
| Subdivisión geográfica |
México |
| 9 (RLIN) |
18958 |
| 650 #2 - ASIENTO SECUNDARIO DE MATERIA - TERMINO TEMATICO |
| 9 (RLIN) |
22193 |
| Término de materia o nombre geográfico como elemento de entrada |
Flores |
| Subdivisión general |
Aspectos simbólicos |
| 650 #4 - ASIENTO SECUNDARIO DE MATERIA - TERMINO TEMATICO |
| Término de materia o nombre geográfico como elemento de entrada |
Indígenas de México |
| Subdivisión general |
Folklore |
| 9 (RLIN) |
6772 |
| 650 #0 - ASIENTO SECUNDARIO DE MATERIA - TERMINO TEMATICO |
| 9 (RLIN) |
45394 |
| Término de materia o nombre geográfico como elemento de entrada |
Plantas |
| Subdivisión general |
Folklore |
| 650 #0 - ASIENTO SECUNDARIO DE MATERIA - TERMINO TEMATICO |
| 9 (RLIN) |
45395 |
| Término de materia o nombre geográfico como elemento de entrada |
Plantas |
| Subdivisión general |
Mitología |
| Subdivisión geográfica |
México |
| 905 ## - TIPO DE MATERIAL |
| Tipo de material |
Libro |
| 942 ## - ELEMENTOS DE PUNTO DE ACCESO ADICIONAL (KOHA) |
| Suprimir en OPAC |
No |
| Fuente del sistema de clasificación o colocación |
Library of Congress Classification |
| Tipo de ítem Koha |
Libro |